Délky života ve zdraví

Výzvy a riziká spojené s demografickým starnutím populácie v spoločnosti. Spôsoby hodnotenia zdravia a dĺžky života. Zdravá dĺžka života je určitou prirodzenou možnosťou známych ukazovateľov. Príklady.

Salvato in:
Dettagli Bibliografici
Autore principale: Langhamrová, Jana
Natura: Capitolo di libro
Lingua:ceco
Soggetti:
Tags: Aggiungi Tag
Nessun Tag, puoi essere il primo ad aggiungerne!!

MARC

LEADER 00000naa a2200000 4500
001 0193588
005 20221020085202.7
041 0 |a cze 
044 |a CZ 
245 1 0 |a Délky života ve zdraví  |c Jana Langhamrová 
520 |a Výzvy a riziká spojené s demografickým starnutím populácie v spoločnosti. Spôsoby hodnotenia zdravia a dĺžky života. Zdravá dĺžka života je určitou prirodzenou možnosťou známych ukazovateľov. Príklady. 
610 2 0 |a demografia 
610 2 0 |a skupiny vekové 
610 2 0 |a starnutie populácie 
610 2 0 |a ukazovatele demografické 
610 2 0 |a zdravie 
610 2 0 |a úmrtnosť 
100 1 |a Langhamrová, Jana